Tratado jurisprudencial de Derecho Administrativo
Сохранить в:
| Главный автор: | |
|---|---|
| Формат: | |
| Язык: | испанский |
| Опубликовано: |
Santiago
Legal Publishing
2013
|
| Редактирование: | 1a. ed |
| Предметы: | |
| Метки: |
Добавить метку
Нет меток, Требуется 1-ая метка записи!
|
MARC
| LEADER | 00000cam a2200000 a 4500 | ||
|---|---|---|---|
| 001 | UCF8585 | ||
| 003 | CL-VaPUC | ||
| 008 | 130916e20130800cl |||||||||||||||||spa|d | ||
| 020 | |a 9789563461299o.c | ||
| 020 | |a 9789563463958t.14 v.1 | ||
| 082 | 0 | 4 | |a 342.06 |b MOR |2 21 |
| 100 | |a Moraga Klenner, Claudio |e autor |9 740056 | ||
| 245 | 1 | 0 | |a Tratado jurisprudencial de Derecho Administrativo |
| 250 | |a 1a. ed | ||
| 300 | |a t | ||
| 942 | |c BK | ||
| 945 | |d 20130916 10:38:00 |a dcastane | ||
| 260 | |a Santiago |b Legal Publishing |c 2013 | ||
| 500 | |a t.14: anotaciones sobre el procedimiento administrativo según la jurisprudencia de los tribunales chilenos | ||
| 650 | 0 | |a Derecho administrativo |9 254851 | |
| 650 | 7 | |a ORGANIZACION ADMINISTRATIVA |2 CL-VaPUC |9 257438 | |
| 650 | 0 | |a Actos administrativos |9 256128 | |
| 650 | 0 | |a Función administrativa |9 384495 | |
| 650 | 0 | |a Responsabilidad administrativa |9 256129 | |
| 583 | |a last modification |c 20130916 10:38:00 |k Rodrigo Vera | ||
| 999 | |c 353152 |d 353150 | ||
| 952 | |0 0 |1 0 |3 erb |4 0 |6 342_060000000000000_MOR_2013 |7 0 |8 A |9 458118 |a BIBDER |b BIBDER |d 2019-11-23 |h t.14 v.1 |i 5011973 |l 3 |o 342.06 MOR 2013 |p 5011973 |r 2024-04-03 |s 2024-04-03 |w 2019-11-23 |y BK |z Catalogado en:20130916 |k DER | ||
| 952 | |0 0 |1 0 |3 erb |4 0 |6 342_060000000000000_MOR_2013 |7 0 |8 A |9 458119 |a BIBDER |b BIBDER |h t.14 v.1 |i 5191874 |o 342.06 MOR 2013 |p 5191874 |r 2023-01-25 |w 2019-11-23 |y BK |z Catalogado en:20151120 |k DER | ||